000
00329nam a2200121Ia 4500
008
190415s9999 xx 000 0 und d
082
_a
327.54047 IND-
100
_a
Indo-Russian Seminar on India
245
0
_a
India and Russia in a Changing World: proceedings
260
_a
New Delhi
_b
ICSSR
_c
1999
300
_a
160
942
_c
BK
999
_c
15319
_d
15319